000 00730cam a2200241I 4500
001 9525
003 BD-RjUL
005 20211208234807.0
008 140120m19661962nyua b 00000 eng u
035 _a(BD-RjUL)9570
040 _cORL
_dOCL
_dMBU
_dBD-RjUL
_aMBU
_beng
041 _aeng
082 0 4 _218
_a544.92
_bLIG 1966
099 9 _a36.H.204
100 1 0 _aLittlewood, A. B.
_929515
245 1 0 _aGas chromatography :
_bprinciples, techniques, and applications.
_cA B Littlewood.
260 _aNew York :
_bAcademic Press,
_cc1962 [Printing 1966].
300 _a514 p. :
_bill. ;
_c24 cm.
504 _aIncludes bibliography.
650 0 _aGas chromatography.
_929447
650 2 _aChromatography, Gas.
_929516
942 _2ddc
_cBK
999 _c9525
_d9525